Normal view
MARC view
Entry Nombre personal
001 - NÚMERO DE CONTROL
- campo de control: 184215
003 - IDENTIFICADOR DEL NÚMERO DE CONTROL
- campo de control: CHAP
005 - FECHA Y HORA DE LA ÚLTIMA TRANSACCIÓN
- campo de control: 20241118120417.0
008 - DATOS DE LONGITUD FIJA
- campo de control de longitud fija: 220601|| acd||abbn | a|a d
040 ## - FUENTE DE LA CATALOGACIÓN
- Centro catalogador/agencia de origen: OSt
- Centro/agencia transcriptor: OSt
100 1# - ENCABEZAMIENTO-NOMBRE DE PERSONA
- Nombre de persona: Almeida Rorjas, Miguel
- Término indicativo de función/relación: ilustrador
670 ## - FUENTE DE DATOS ENCONTRADOS
- Cita de la fuente: Work cat.: (OSt)216392: López Coronado, José Alfredo 184213, Crianza, producción y comercialización de conejos : cunicultura / José Alfredo López Coronado; ilustración Miguel Almeida Rojas
